<?xml version="1.0" encoding="UTF-8"?>
<record
    xmlns:xsi="http://www.w3.org/2001/XMLSchema-instance"
    xsi:schemaLocation="http://www.loc.gov/MARC21/slim http://www.loc.gov/standards/marcxml/schema/MARC21slim.xsd"
    xmlns="http://www.loc.gov/MARC21/slim">

  <leader>05201nam a2200481 a 4500</leader>
  <controlfield tag="001">dia_4637</controlfield>
  <controlfield tag="003">CHAP</controlfield>
  <controlfield tag="005">20241025130526.0</controlfield>
  <controlfield tag="007">ta</controlfield>
  <controlfield tag="008">220117s2010    mx ad  frm    001 0 spa d</controlfield>
  <datafield tag="010" ind1=" " ind2=" ">
    <subfield code="a">175313</subfield>
  </datafield>
  <datafield tag="040" ind1=" " ind2=" ">
    <subfield code="a">mxchpua</subfield>
    <subfield code="c">CHAP</subfield>
  </datafield>
  <datafield tag="041" ind1="0" ind2=" ">
    <subfield code="a">spa</subfield>
    <subfield code="b">eng</subfield>
  </datafield>
  <datafield tag="090" ind1=" " ind2=" ">
    <subfield code="a">Tesis </subfield>
    <subfield code="b">M37 </subfield>
    <subfield code="c">2010</subfield>
  </datafield>
  <datafield tag="100" ind1="1" ind2=" ">
    <subfield code="a">Mart&#xED;nez D&#xED;az, Paola Lizbeth</subfield>
  </datafield>
  <datafield tag="245" ind1="1" ind2="0">
    <subfield code="a">Identificaci&#xF3;n de trigo Cristalinos (triticumdurum) con alto contenido de caratenoides y lipoxigenasa /</subfield>
    <subfield code="c">Paola Lizbeth Mart&#xED;nez D&#xED;az y Alejandro Ramos Cortes</subfield>
  </datafield>
  <datafield tag="264" ind1=" " ind2=" ">
    <subfield code="a">Chapingo, M&#xE9;xico :</subfield>
    <subfield code="b">El autor,</subfield>
    <subfield code="c">2010</subfield>
  </datafield>
  <datafield tag="300" ind1=" " ind2=" ">
    <subfield code="a">91 hojas :</subfield>
    <subfield code="b">ilustraciones, tablas, Diagramas, Gr&#xE1;ficas +</subfield>
    <subfield code="e">1 CD-ROM</subfield>
  </datafield>
  <datafield tag="336" ind1=" " ind2=" ">
    <subfield code="2">rdacontent</subfield>
    <subfield code="a">texto</subfield>
    <subfield code="b">txt</subfield>
  </datafield>
  <datafield tag="337" ind1=" " ind2=" ">
    <subfield code="2">rdamedia</subfield>
    <subfield code="a">no mediado</subfield>
    <subfield code="b">n</subfield>
  </datafield>
  <datafield tag="338" ind1=" " ind2=" ">
    <subfield code="2">rdacarrier</subfield>
    <subfield code="a">volumen</subfield>
    <subfield code="b">nc</subfield>
  </datafield>
  <datafield tag="502" ind1=" " ind2=" ">
    <subfield code="a">Tesis</subfield>
    <subfield code="b">(Ingeniero Agroindustrial) --</subfield>
    <subfield code="c">UACh. Departamento de Ingenier&#xED;a Agroindustrial,</subfield>
    <subfield code="d">2010</subfield>
  </datafield>
  <datafield tag="504" ind1=" " ind2=" ">
    <subfield code="a">Bibliograf&#xED;a : hojas 85-91</subfield>
  </datafield>
  <datafield tag="520" ind1="3" ind2=" ">
    <subfield code="a">Debido a la necesidad de obtener pastas alimenticias con un color amarillo natural, para reducir el uso de colorantes artificiales, se procedi&#xF3; a dise&#xF1;ar un estudio de genotipos de trigo cristalino, incluyendo seis variedades y seis l&#xED;neas avanzadas del Programa de Mejoramiento Gen&#xE9;tico de Trigo de Riego del Instituto Nacional de Investigaciones Agr&#xED;colas (INIFAP), con mayor pigmentaci&#xF3;n amarilla acentuando en los factores que intervienen en ella, que indagando en literatura se encontraron como posibles responsables a las enzimas lipoxigenasa y polifenolxidasa. El procedimiento experimental consisti&#xF3; en el an&#xE1;lisis f&#xED;sico del grano de trigo cristalino, contenido de carotenoides y determinaci&#xF3;n de la actividad de lipoxigenasa y polifenoloxidasa sobre el producto obtenido de la molienda de trigo cristalino en condiciones ambientales de la Universidad Aut&#xF3;noma Chapingo, M&#xE9;xico, donde se encontr&#xF3; una gran similitud en los par&#xE1;metros f&#xED;sicos y componentes del grano de todos los genotipos, identificando la l&#xED;nea 569 y la variedad Patronato Oro C2008 como las que obtuvieron menor actividad enzim&#xE1;tica, mayor contenido de carotenoides y mayor pigmentaci&#xF3;n amarilla. Todo lo anterior se estableci&#xF3; a partir de m&#xE9;todos experimentales que fueron probados y ajustados para las determinaciones de actividad enzim&#xE1;tica espec&#xED;ficas. Se confirmo la relaci&#xF3;n inversamente proporcional de la actividad enzim&#xE1;tica de lipoxigenasa y polifenoloxidasa con el contenido de carotenoides. Realizando un an&#xE1;lisis de varianza sobre todas las variables estudiadas, es claro observar que el valor de L en la escala de color Hunter Lab en semolina de trigo cristalino es no significativamente diferente en los todos genotipos, mientras que el resto de las variables si lo es.</subfield>
  </datafield>
  <datafield tag="520" ind1="3" ind2=" ">
    <subfield code="a">Due to the need for pasta with a natural yellow color to reduce the use of artificial coloring, we designed a study of crystal clear wheat Genotypes, including six varieties and six advanced lines through the Irrigated Wheat Breeding Program of the National Institute for Agricultural Research (Programa de Mejoramiento Gen&#xE9;tico de Trigo de Riego del Instituto Nacional de Investigaciones Agr&#xED;colas que por sus siglas es INIFAP) with higher yellow pigmentation, thus, highlighting the factors involved in it. According to literature we find lipoxygenase and polyphenoloxidase enzymes as potential responsible for this effect. The experimental procedure required physical analysis of crystal clear wheat grain taken from carotenoid; and it was necessary to determine the activity of lipoxygenase and polyphenoloxidase on the product taken from a crystal clear wheat milling at environmental conditions at Universidad Aut&#xF3;noma Chapingo, M&#xE9;xico, where a great similarity was found in all physical grain constraints and components in all genotypes, hence identifying the line 569 and variety Patronato Oro C2008 as those with a lower enzyme activity, higher carotenoid content and higher yellow pigment. All of this was established based on experimental methods, tested and adjusted to the specific enzymatic activity determinations. We confirmed the inverse rapport of enzyme activity between lipoxygenase and polyphenoloxidase and carotenoid content. By performing a variance analysis on all variables studied, we realize that &#x201C;L&#x201D; value in the Hunter Lab color scale in crystal clear wheat semolina is not significantly different in all genotypes, while in the rest of the variables it is.</subfield>
  </datafield>
  <datafield tag="650" ind1="1" ind2="3">
    <subfield code="a">Trigo</subfield>
    <subfield code="2">atg</subfield>
    <subfield code="x">Variedades</subfield>
  </datafield>
  <datafield tag="650" ind1="1" ind2="3">
    <subfield code="a">Polifenoles</subfield>
    <subfield code="2">atg</subfield>
  </datafield>
  <datafield tag="650" ind1="1" ind2="3">
    <subfield code="a">Lipoxigenasas</subfield>
    <subfield code="2">atg</subfield>
  </datafield>
  <datafield tag="650" ind1="1" ind2="3">
    <subfield code="a">Carotenoides</subfield>
    <subfield code="2">atg</subfield>
  </datafield>
  <datafield tag="650" ind1="1" ind2="3">
    <subfield code="a">Wheat  </subfield>
    <subfield code="2">atg</subfield>
    <subfield code="x">Varieties</subfield>
  </datafield>
  <datafield tag="650" ind1="1" ind2="3">
    <subfield code="a">Polyphenols</subfield>
    <subfield code="2">atg</subfield>
  </datafield>
  <datafield tag="650" ind1="1" ind2="3">
    <subfield code="a">Carotenoids</subfield>
    <subfield code="2">atg</subfield>
  </datafield>
  <datafield tag="650" ind1="1" ind2="3">
    <subfield code="a">Lipoxygenases</subfield>
    <subfield code="2">atg</subfield>
  </datafield>
  <datafield tag="700" ind1="1" ind2=" ">
    <subfield code="a">Ramos Cort&#xE9;s, Alejandro</subfield>
    <subfield code="e">autor</subfield>
  </datafield>
  <datafield tag="700" ind1="1" ind2=" ">
    <subfield code="a">P&#xE9;rez Herrera, Patricia</subfield>
    <subfield code="e">directora</subfield>
  </datafield>
  <datafield tag="700" ind1="1" ind2=" ">
    <subfield code="a">Buend&#xED;a Gonz&#xE1;lez, Mar&#xED;a Ofelia</subfield>
    <subfield code="e">asesora</subfield>
  </datafield>
  <datafield tag="700" ind1="1" ind2=" ">
    <subfield code="a">Esparza Torres, F&#xE9;lix</subfield>
    <subfield code="e">asesor</subfield>
  </datafield>
  <datafield tag="856" ind1="4" ind2="1">
    <subfield code="u">http://10.13.5.2/tesis/110427.pdf</subfield>
    <subfield code="y">DESCARGAR PDF</subfield>
  </datafield>
  <datafield tag="901" ind1=" " ind2=" ">
    <subfield code="a">TESIS M37 2010</subfield>
  </datafield>
  <datafield tag="902" ind1=" " ind2=" ">
    <subfield code="a">M</subfield>
  </datafield>
  <datafield tag="905" ind1=" " ind2=" ">
    <subfield code="a">0000002010                          mx a m 0000000000spa00</subfield>
  </datafield>
  <datafield tag="942" ind1=" " ind2=" ">
    <subfield code="c">TESIS</subfield>
    <subfield code="2">Clasificaci&#xF3;n Universidad Aut&#xF3;noma Chapingo</subfield>
  </datafield>
  <datafield tag="999" ind1=" " ind2=" ">
    <subfield code="c">175313</subfield>
    <subfield code="d">175313</subfield>
  </datafield>
  <datafield tag="952" ind1=" " ind2=" ">
    <subfield code="0">0</subfield>
    <subfield code="1">0</subfield>
    <subfield code="2">local</subfield>
    <subfield code="4">0</subfield>
    <subfield code="5">5</subfield>
    <subfield code="7">0</subfield>
    <subfield code="8">TESIS</subfield>
    <subfield code="a">IA_</subfield>
    <subfield code="b">IA_</subfield>
    <subfield code="d">2022-01-18</subfield>
    <subfield code="e">El autor</subfield>
    <subfield code="l">1</subfield>
    <subfield code="o">Tesis M37 2010</subfield>
    <subfield code="p">1101013927</subfield>
    <subfield code="r">2026-02-02 00:00:00</subfield>
    <subfield code="s">2024-10-31</subfield>
    <subfield code="t">Ej.2</subfield>
    <subfield code="w">2022-01-18</subfield>
    <subfield code="y">TESIS</subfield>
  </datafield>
  <datafield tag="952" ind1=" " ind2=" ">
    <subfield code="0">0</subfield>
    <subfield code="1">0</subfield>
    <subfield code="2">local</subfield>
    <subfield code="4">0</subfield>
    <subfield code="5">5</subfield>
    <subfield code="7">0</subfield>
    <subfield code="8">TESIS</subfield>
    <subfield code="a">IA_</subfield>
    <subfield code="b">IA_</subfield>
    <subfield code="d">2024-10-31</subfield>
    <subfield code="e">El autor</subfield>
    <subfield code="l">1</subfield>
    <subfield code="o">Tesis M37 2010</subfield>
    <subfield code="p">1101013926</subfield>
    <subfield code="r">2026-02-02 00:00:00</subfield>
    <subfield code="s">2024-10-31</subfield>
    <subfield code="t">Ej.1</subfield>
    <subfield code="y">TESIS</subfield>
  </datafield>
  <datafield tag="952" ind1=" " ind2=" ">
    <subfield code="0">0</subfield>
    <subfield code="1">0</subfield>
    <subfield code="2">local</subfield>
    <subfield code="4">0</subfield>
    <subfield code="5">5</subfield>
    <subfield code="7">0</subfield>
    <subfield code="8">TESIS</subfield>
    <subfield code="a">IA_</subfield>
    <subfield code="b">IA_</subfield>
    <subfield code="d">2022-01-18</subfield>
    <subfield code="e">El autor</subfield>
    <subfield code="l">1</subfield>
    <subfield code="o">Tesis M37 2010</subfield>
    <subfield code="p">1101013928</subfield>
    <subfield code="r">2024-10-31 16:14:12</subfield>
    <subfield code="s">2024-10-31</subfield>
    <subfield code="t">Ej.3</subfield>
    <subfield code="w">2022-01-18</subfield>
    <subfield code="y">CD</subfield>
  </datafield>
  <datafield tag="952" ind1=" " ind2=" ">
    <subfield code="0">0</subfield>
    <subfield code="1">0</subfield>
    <subfield code="2">local</subfield>
    <subfield code="4">0</subfield>
    <subfield code="7">0</subfield>
    <subfield code="8">TesDigL</subfield>
    <subfield code="a">IA_</subfield>
    <subfield code="b">IA_</subfield>
    <subfield code="c">E_L</subfield>
    <subfield code="d">2024-10-25</subfield>
    <subfield code="e">El autor</subfield>
    <subfield code="l">0</subfield>
    <subfield code="p">1201013926</subfield>
    <subfield code="r">2024-10-25 14:14:06</subfield>
    <subfield code="w">2024-10-25</subfield>
    <subfield code="y">TD</subfield>
  </datafield>
</record>
